000 00435nam a2200169Ia 4500
999 _c21342
_d21342
003 OSt
005 20200625152539.0
008 190216s9999||||xx |||||||||||||| ||und||
020 _a9788130009223
040 _coclc
082 _a954
_bBHA/P
245 0 _aBharatha Rathnam /
260 _bPoorna Pubslications,
_aKozhikode:
300 _a96p
650 _aHistory
942 _cBK
_2ddc
_h954
_iBHA/P
_k954
_mBHA/P